Igneous and Metamorphie Petrology (Record no. 3946)

MARC details
000 -LEADER
fixed length control field 00447nam a22001577a 4500
008 - FIXED-LENGTH DATA ELEMENTS--GENERAL INFORMATION
fixed length control field 250623b |||||||| |||| 00| 0 eng d
020 ## - INTERNATIONAL STANDARD BOOK NUMBER
ISBN 8123911017
100 ## - MAIN ENTRY--AUTHOR
Author Turner Francis J.
245 ## - TITLE STATEMENT
Title Igneous and Metamorphie Petrology
250 ## - EDITION STATEMENT
Edition statement 2nd
260 ## - PUBLICATION, DISTRIBUTION, ETC. (IMPRINT)
Place of publication Bangalore, India
Name of publisher CBS Publishers and Distributors pvt limited
Date of publication 2004
300 ## - COLLATION
Pagination 694p.
650 ## - TRACINGS
Main Subject Petrology- Igneous metamophic
942 ## - ADDED ENTRY ELEMENTS (KOHA)
Item type Books
050 ## - LIBRARY OF CONGRESS CALL NUMBER
Classification number QE 399.2 .T87
Item number .T87
Holdings
Source of classification or shelving scheme Not for loan Permanent location Current location Date acquired Accession No. Full call number Barcode. Koha item type
Library of Congress Classification   Samuel Ogbemudia Main Library, University of Abuja Samuel Ogbemudia Main Library, University of Abuja 06/23/2025 2024/62204 QE 399.2 .T87 2025-2647 Books